Johnny Rotten, jeho vlastnými slovami.

Bibliographic Details
Main Author: Kajanová, Yvetta, 1964- (Author)
Format: Article
Language:Slovak

MARC

LEADER 00000nab a2200000uu 4500
001 vtls010883542
003 SK-MaSNL
005 20260303145100.0
008 230222|1994 xo |||||||||||||||||slo|
015 |a SNBRB 
035 |a (urnnbn)urn:nbn:sk:snk:ar-0025lx 
035 |a (uuid)7ad4cebc-da57-41f6-8806-07b672ef3d69 
035 |a urn:nbn:sk:snk-ab8f1p 
040 |a SNKBUCL  |b slo  |c SNKBUCL  |e AACR2 
041 0 |a slo 
044 |a xo  |c SK 
100 1 |a Kajanová, Yvetta,  |d 1964-  |4 aut  |9 217630 
245 1 0 |a Johnny Rotten, jeho vlastnými slovami.  |c Yvetta Lábska 
773 0 |t Slovenská hudba : revue pre hudobnú kultúru  |g Roč. 20, č. 2 (1994), s. 376-377 
954 |a odborná, vedecká literatúra pôvodná (slovenská)  |2 lita 
958 |a OND 
958 |a EUIPO 
958 |a article10 
999 |c 2000328  |d 2002258